| 000 | 00655nam a2200205Ii 4500 | ||
|---|---|---|---|
| 003 | JO-AjNU | ||
| 008 | 230605s9999||||xx |||||||||||||| ||und|| | ||
| 040 |
_aJO-AjNU _bara _erda _cJO-AjNU |
||
| 041 | _aara | ||
| 050 | 1 | 4 | _aPJ7541.A7 1962 |
| 100 | 3 |
_aالعريض، إبراهيم, _eauthor _912988 |
|
| 245 | 0 | 0 | _aجولة في الشعر العربي المعاصر |
| 250 | _aط1 | ||
| 264 | 3 | 1 | _aبيروت: دارالعلم للملايين، 1962 |
| 300 | _a239ص | ||
| 336 |
_atext _btxt _2rdacontent |
||
| 337 |
_aunmediated _bn _2rdamedia |
||
| 338 |
_avolume _bnc _2rdacarrier |
||
| 650 | 4 |
_aالشعر العربي - تحليل ونقد _912989 |
|
| 999 |
_aA3115 _c6683 _d6683 |
||